Thermochemical processes Principles and models

Zapisane w:
Opis bibliograficzny
1. autor: C B Alcock
Format: Książka
Język:Undetermined
Wydane: Oxford, UK Butterworth Heinemann 2000
Hasła przedmiotowe:
Etykiety: Dodaj etykietę
Nie ma etykietki, Dołącz pierwszą etykiete!
Thư viện lưu trữ: Trung tâm Học liệu Trường Đại học Cần Thơ
LEADER 00556nam a2200193Ia 4500
001 CTU_51906
008 210402s9999 xx 000 0 und d
020 |b 1157000 
082 |a 660.2'969 
082 |b A354 
100 |a C B Alcock 
245 0 |a Thermochemical processes 
245 0 |b Principles and models 
245 0 |c C. B. Alcock 
260 |a Oxford, UK 
260 |b Butterworth Heinemann 
260 |c 2000 
650 |a thermodynamics,chemical processes,materials at high temperature 
980 |a Trung tâm Học liệu Trường Đại học Cần Thơ